000 00412nam a2200157 i 4500
001 112913
003 ES-MaACL
005 20230906185709.0
007 t|
008 061121s1933 fr r ||||1| fre d
100 1 _aMusat, Pierre.
_984668
245 1 0 _aDe Marx a Hitler /
_cPierre Musat.
260 _aParis :
_bFélix Alcan,
_c1933 (
_fG. Pottier)
300 _a142 p. ;
_c26 cm.
852 _aES-MaACL
_jA-1594
999 _c112913
_d112913